Ahmed Al-Naimi (trading as Buildmaster Construction Services) v Islamic Press Agency Incorporated (Record no. 65873)

MARC details
000 -LEADER
fixed length control field 01810cam a2200253 4500
001 - CONTROL NUMBER
control field ABS63373
008 - FIXED-LENGTH DATA ELEMENTS--GENERAL INFORMATION
fixed length control field 000000n2000 000 0 eng u
035 ## - SYSTEM CONTROL NUMBER
System control number (Sirsi) u110500
245 ## - TITLE STATEMENT
Title Ahmed Al-Naimi (trading as Buildmaster Construction Services) v Islamic Press Agency Incorporated
260 ## - PUBLICATION, DISTRIBUTION, ETC.
Date of publication, distribution, etc. 2000
490 ## - SERIES STATEMENT
Series statement Arbitration and Dispute Resolution Law Journal
Volume/sequential designation [2000] ADRLJ 324-331(8)
520 ## - SUMMARY, ETC.
Summary, etc. CA 28 January 2000. A appealed against a stay of court proceedings under the Arbitration Act 1996 s9, which was granted on the grounds that there were 'genuine disputes' concerning the construction of a contract in the standard JCT agreement for minor building works 1980 edition signed in July 1996, on the grounds that the judge had refused to decide if the action was covered by the arbitration agreement relied upon by I. A claimed that work not originally envisaged by the contract was not covered by the contract and was not the subject of an arbitration clause. The CA ruled that it was overwhelmingly clear that there was only the one contract and that this had been extended to cover the additional work. "Held": appeal dismissed; but with the indication that the issue left open by the judge had been decided by the CA in favour of the respondent.
590 ## - LOCAL NOTE (RLIN)
Local note ABS
650 ## - SUBJECT ADDED ENTRY--TOPICAL TERM
Topical term or geographic name entry element AHMED AL-NAIMI (TRADING AS BUILDMASTER CONSTRUCTION SERVICES) V ISLAMIC PRESS AGENCY INTERNATIONAL
650 ## - SUBJECT ADDED ENTRY--TOPICAL TERM
Topical term or geographic name entry element MANAGEMENT-DISPUTE AVOIDANCE, MANAGEMENT AND RESOLUTION-DISPUTE MANAGEMENT AND RESOLUTION-ARBITRATION
650 ## - SUBJECT ADDED ENTRY--TOPICAL TERM
Topical term or geographic name entry element ARBITRATION ACT 1996 S9
650 ## - SUBJECT ADDED ENTRY--TOPICAL TERM
Topical term or geographic name entry element Contracts
9 (RLIN) 6232
650 ## - SUBJECT ADDED ENTRY--TOPICAL TERM
Topical term or geographic name entry element DISPUTE RESOLUTION
9 (RLIN) 6236
650 ## - SUBJECT ADDED ENTRY--TOPICAL TERM
Topical term or geographic name entry element JCT AGREEMENT FOR MINOR BUILDING WORKS 1980
650 ## - SUBJECT ADDED ENTRY--TOPICAL TERM
Topical term or geographic name entry element MW80
650 ## - SUBJECT ADDED ENTRY--TOPICAL TERM
Topical term or geographic name entry element STAY OF PROCEEDINGS
690 ## - LOCAL SUBJECT ADDED ENTRY--TOPICAL TERM (OCLC, RLIN)
Topical term or geographic name as entry element BUILDING AND CONSTRUCTION-CASE LAW
942 ## - ADDED ENTRY ELEMENTS (KOHA)
Suppress in OPAC 0
Holdings
Withdrawn status Lost status Source of classification or shelving scheme Damaged status Not for loan Home library Current library Shelving location Date acquired Total Checkouts Full call number Barcode Date last seen Copy number Price effective from Koha item type
    Dewey Decimal Classification     London London Journal article 24/01/2001   ABS63373 110500-1001 06/08/2019 1 06/08/2019 Law report